Madame Bovary (Registro nro. 5655)

Detalles MARC
000 -CABECERA
Longitud fija campo de control 01114nam a2200325Ia 4500
003 - • IDENTIFICADOR DELl NÚMERO DE CONTROL
Identificador del número de control CO-BoRNBP
005 - • FECHA Y HORA DE LA ÚLTIMA TRANSACCIÓN
Fecha y hora de la última transacción 20230613170321.0
007 - • CAMPO FIJO DE DESCRIPCIÓN FÍSICA
Campo fijo de descripción física ta
008 - • CÓDIGOS DE INFORMACIÓN DE LONGITUD FIJA
Códigos de información de longitud fija 160825s2009 ck g 000 0 spa
020 ## - • NÚMERO INTERNACIONAL NORMALIZADO PARA LIBROS
Número Internacional Normalizado para Libros (ISBN) 9789580421931
040 ## - FUENTE DE LA CATALOGACIÓN
Centro catalogador de origen CO-BoRNBP
Lengua de catalogación spa
Normas de descripción rda
Centro transcriptor CO-BoRNBP
084 ## - • Clasificación Local Alfanúmerica PNLB
Número de clasificación N FLA2
100 1# - • PUNTO DE ACCESO PRINCIPAL-NOMBRE DE PERSONA
Nombre de persona Flaubert, Gustave
Fechas asociadas al nombre 1821-1880
Término indicativo de función autor
245 10 - • TITULO PROPIAMENTE DICHO
Título Madame Bovary
Mención de responsabilidad, etc. Gustave Flaubert ; traducido por Nicolás Suescún
250 ## - • MENCIÓN DE EDICIÓN
Mención de edición 1a. edición
264 ## - PRODUCCIÓN, PUBLICACIÓN , DISTRIBUCIÓN, FABRICACIÓN Y COPYRIGHT
Lugar de producción, publicación, distribución, fabricación Bogotá
Nombre del productor, editor, distribuidor, fabricante Norma
300 ## - • DESCRIPCIÓN FÍSICA
Extensión 348, 82 páginas (En paginación variada)
Dimensiones 21 cm
336 ## - TIPO DE CONTENIDO
Término de tipo de contenido texto
Código de tipo de contenido txt
Fuente rdacontent
337 ## - TIPO DE MEDIO
Nombre del tipo de medio sin mediación
Código del tipo de medio n
Fuente rdamedia
338 ## - TIPO DE SOPORTE
Nombre del tipo de soporte volumen
Código del tipo de soporte nc
Fuente rdacarrier
490 ## - • MENCIÓN DE SERIE
Mención de serie Cara y cruz
600 ## - • PUNTO DE ACCESO ADICIONAL DE MATERIA - NOMBRE DE PERSONA
Nombre de persona Flaubert, Gustrave
Fechas asociadas al nombre 1821-1880
Subdivisión de materia general (R ) Critica e interpretación
650 14 - • PUNTO DE ACCESO ADICIONAL DE MATERIA - TÉRMINO DE MATERIA
Fuente del encabezamiento o término LEMB
Término de materia o nombre geográfico como elemento inicial Novela francesa
Subdivisión cronológica Siglo XIX
650 14 - • PUNTO DE ACCESO ADICIONAL DE MATERIA - TÉRMINO DE MATERIA
Fuente del encabezamiento o término LEMB
Término de materia o nombre geográfico como elemento inicial Literatura francesa
Subdivisión cronológica Siglo XIX
650 14 - • PUNTO DE ACCESO ADICIONAL DE MATERIA - TÉRMINO DE MATERIA
Fuente del encabezamiento o término LEMB
Término de materia o nombre geográfico como elemento inicial Amor en la literatura
650 14 - • PUNTO DE ACCESO ADICIONAL DE MATERIA - TÉRMINO DE MATERIA
Fuente del encabezamiento o término LEMB
Término de materia o nombre geográfico como elemento inicial Mujeres en la literatura
650 14 - • PUNTO DE ACCESO ADICIONAL DE MATERIA - TÉRMINO DE MATERIA
Término de materia o nombre geográfico como elemento inicial Tragedia en la literatura
Fuente del encabezamiento o término LEMB
700 1# - • PUNTO DE ACCESO ADICIONAL - NOMBRE DE PERSONA
Nombre de persona Suescún, Nicolás
Fechas asociadas al nombre 1937-
942 ## - ENTRADA DE ELEMENTOS AGREGADOS (KOHA)
Koha [por defecto] tipo de item Libro Literatura
Existencias
Perdido Fuente de clasificación o esquema Estado Físico No para préstamo Forma de adquisición Localización permanente Localización actual Localización en estanterías Fecha adquisición Préstamos totales Signatura completa Código de barras Fecha última consulta Número de copia Fecha del precio de reemplazo Tipo de item de Koha
  Dewey Decimal Classification     Colección General Biblioteca Pública Puerto López - Jorge Eliecer Gaitán Biblioteca Pública Puerto López - Jorge Eliecer Gaitán General 10/02/2025   N FLA2 PLZ02899 10/02/2025 Ej.1 10/02/2025 Libro Literatura
  Dewey Decimal Classification     Colección General Biblioteca Pública Barranca de Upia - María Dolores Herrera Biblioteca Pública Barranca de Upia - María Dolores Herrera Literatura 09/12/2023   N FLA2 BUP00172 09/12/2023 Ej.1 09/12/2023 Libro Literatura
  Dewey Decimal Classification     Colección General Biblioteca Pública Cabuyaro Biblioteca Pública Cabuyaro Literatura 06/13/2023   NFLA2 CAB000323 06/13/2023 Ej.1 06/13/2023 Libro Literatura
  Dewey Decimal Classification     Sala General Biblioteca Pública Mapiripan Biblioteca Pública Mapiripan Literatura 01/11/2024   N FLA2 MAP00001808 01/11/2024 Ej.1 01/11/2024 Libro Literatura
  Clasificación Local Facetada     Colección General Biblioteca Pública Puerto Concordia Biblioteca Pública Puerto Concordia General 05/08/2026   N FLA2 PCON02709 05/08/2026 Ej.1 05/08/2026 Libro Literatura
  Clasificación Local Facetada     Colección General Biblioteca Pública San Juanito - Ernesto Maria Peña Romero Biblioteca Pública San Juanito - Ernesto Maria Peña Romero Literatura 09/22/2025   N FLA2 SJU02274 09/22/2025 Ej.1 09/22/2025 LIbro
  Dewey Decimal Classification     Colección General Biblioteca Pública Uribe - Reinerio Arenas Biblioteca Pública Uribe - Reinerio Arenas Literatura 10/01/2024   N FLA2 URI01554 10/01/2024 Ej.1 10/01/2024 Libro Literatura









Instituto Departamental de Cultura del Meta - Red Departamental de Bibliotecas Públicas del Meta.